| 000 | 00429nam a22001697a 4500 | ||
|---|---|---|---|
| 005 | 20180221121302.0 | ||
| 008 | 160519b xxu||||| |||| 00| 0 eng d | ||
| 020 | _a978-81-203-2970-6 | ||
| 041 | _aeng | ||
| 082 |
_b3147 _a174.4 |
||
| 100 |
_aVelasquez Manuel G. _9737 |
||
| 245 | _aBusiness Ethics Concepts and Cases | ||
| 260 |
_aDelhi _bPearson Education, _c2006 |
||
| 300 | _a437 | ||
| 650 |
_aManagement _9241 |
||
| 942 | _cBK | ||
| 999 |
_c1080 _d1080 |
||